Hospodaření s pracovními silami v podniku

Gespeichert in:
Bibliographische Detailangaben
1. Verfasser: Průša, Jan
Format: Buch
Sprache:Tschechisch
Veröffentlicht: Praha Svoboda 1972
Tags: Tag hinzufügen
Keine Tags, Fügen Sie das erste Tag hinzu!

MARC

LEADER 00000nam a2200000 4500
001 c121296
005 20230105083800.5
041 0 |a cze 
044 |a CZ 
245 1 0 |a Hospodaření s pracovními silami v podniku  |c Jan Průša 
264 1 |a Praha  |b Svoboda  |c 1972 
300 |a 161 s. 
100 1 |a Průša, Jan